A History of Architecture /

Libro ya clásico de la historia de la arquitectura, que no sólo hace un detallado análisis de estilos y corrientes, desde las civilizaciones antiguas hasta la arquitectura moderna, sino que además incluye ilustraciones con cortes y planos de edificios emblemáticos.

Сохранить в:
Библиографические подробности
Главный автор: Fletcher, Banister (autor)
Формат:
Язык:английский
Опубликовано: Nueva York, EUA : Charles Scribner's Sons, 1975, c1975
Редактирование:18a edición
Предметы:
Метки: Добавить метку
Нет меток, Требуется 1-ая метка записи!

MARC

LEADER 00000nam^a2200000^a^4500
001 000330777
005 20250521000000.0
008 130226 19751975
009 20260310114014.382
020 |a 0-684-14207-4 
037 |a Acervo ITESO - Biblioteca 
041 |a ING 
082 |a 720. 9  |b FLE 
100 |a Fletcher, Banister  |e (autor) 
240 1 1 |a [Historia de la arquitectura de Banister Fletcher] 
240 1 3 |a [A History of Architecture on the Comparative Method] 
245 1 2 |a A History of Architecture /  |c B. Fletcher. 
250 |a 18a edición 
264 4 |a Nueva York, EUA :  |b Charles Scribner's Sons,  |c 1975, c1975 
300 |a XVII, 1390 p. 
336 |a texto  |b txt  |2 rdacontenido 
337 |a sin mediación  |b n  |2 rdamedio 
338 |a volumen  |b nc  |2 rdasoporte 
520 |a Libro ya clásico de la historia de la arquitectura, que no sólo hace un detallado análisis de estilos y corrientes, desde las civilizaciones antiguas hasta la arquitectura moderna, sino que además incluye ilustraciones con cortes y planos de edificios emblemáticos. 
649 |a XX 
650 |a Arquitectura -  |x Historia y Crítica -  |x Tema Principal 
650 |a Arte -  |x Historia y Crítica 
650 |a Historia Universal 
910 |a Fondo Ignacio Díaz Morales 
920 |a Impresos - Libros 
930 |a Arquitectos Jaliscienses 
905 |a 114 
901 |a 0500220145  |b IT1  |c JAL  |i 60729  |u 20250521 
902 |a https://opac.biblio.iteso.mx/vufind/Record/000330777